000 00630nas a2200217 4500
001 BR8901189
003 BR-BrBNA
005 20231205091457.0
007 ta
008 230509b bl.|||p| |||| 00| 00por d
040 _aBR-BrBNA
_bpor
_cBiblioteca Nacional de Agricultura
041 _a(Pt)
072 _aH20
100 1 _aAnon.
245 1 _aCultura da pimenta-do-reino promete, apesar da fusariose
650 _aPIMENTA DO REINO
650 _aFUSARIOSE
773 0 _tDirigente Rural (Brazil)
_xISSN 0012-3374
_g(Mar 1985), v. 24(3) p. 12-18
_wBR8901189
909 _a202311
_bLúcia
_c55
_dLúcia Elande
942 _2AGRIS
_n0
_cANA
999 _c125357
_d125357